Pays européens et leurs capitales - Statistiques

Statistiques générales
  • Ce quiz a été pris 145 fois
  • Le résultat moyen est 43 sur 56
Statistiques - réponses
Réponse % Correct
Paris
98%
France
97%
Espagne
90%
Italie
90%
Rome
88%
Madrid
87%
Portugal
87%
Allemagne
86%
Berlin
86%
Estonie
85%
Royaume-Uni
85%
Belgique
84%
Lettonie
84%
Lisbonne
84%
Lituanie
84%
Suède
84%
Finlande
83%
Grèce
83%
Irlande
83%
Luxembourg
83%
Luxembourg
83%
Roumanie
83%
Bruxelles
82%
Budapest
82%
Hongrie
82%
Londres
82%
Athènes
80%
Dublin
80%
Pays-Bas
79%
Stockholm
79%
Amsterdam
78%
Croatie
78%
Autriche
77%
Danemark
77%
Helsinki
77%
République Tchèque
77%
Pologne
76%
Vienne
76%
Prague
73%
Copenhague
72%
Slovaquie
72%
Slovénie
72%
Varsovie
71%
Bulgarie
70%
Malte
70%
Zagreb
70%
Tallinn
68%
Riga
66%
Sofia
65%
Vilnius
63%
La Valette
59%
Ljubljana
58%
Chypre
54%
Bratislava
49%
Nicosie
40%
Budarest
4%
Aucun quiz correspondant
Distribution des résultats
% des personnes avec chaque résultat
Percentile par nombre de réponses
Votre historique - résultats
Vous n’avez pas pris ce quiz